[Event "Trondheim Lewis op"]
[Site "Trondheim"]
[Date "2024.08.13"]
[Round "8"]
[White "Langmyhr, Tore"]
[Black "Moen, Ole Christian"]
[Result "1/2-1/2"]
[WhiteElo "1884"]
[BlackElo "2187"]
[PlyCount "116"]
[EventDate "2024.08.06"]
[EventType "swiss"]
[EventRounds "9"]
[EventCountry "NOR"]
[SourceTitle "EXT 2025"]
[Source "ChessBase"]
[SourceDate "2024.10.14"]
[SourceVersion "1"]
[SourceVersionDate "2024.10.14"]
[SourceQuality "1"]

1. e4 c6 2. d4 d5 3. Nd2 dxe4 4. Nxe4 Nf6 5. Nxf6+ gxf6 6. c3 Bf5 7. Nf3 e6 8. g3 Bd6 9. Bg2 Nd7 10. 0-0 0-0 11. Re1 Re8 12. Nh4 Bg6 13. Be3 Qc7 14. Nxg6 hxg6 15. c4 Rad8 16. Qb3 b6 17. Qc3 c5 18. dxc5 Bxc5 19. Bxc5 Qxc5 20. b4 Qc7 21. Red1 Rc8 22. Rac1 Kg7 23. Rd4 Re7 24. c5 bxc5 25. Rc4 Qe5 26. Qxe5 fxe5 27. bxc5 Nb8 28. c6 Rec7 29. Rc5 f6 30. h4 Kf7 31. Ra5 Ke7 32. Rb1 Kd6 33. Rd1+ Ke7 34. Rd3 f5 35. Rxe5 Nxc6 36. Rc5 Nb4 37. Rxc7+ Rxc7 38. Ra3 Kd6 39. Ra4 Nd5 40. Ra6+ Nb6 41. a4 Ke7 42. f4 Nd7 43. Rc6 Rxc6 44. Bxc6 Nf6 45. Kf2 Kd6 46. Bb5 e5 47. fxe5+ Kxe5 48. Kf3 Nd5 49. Be8 Kf6 50. Bc6 Ne7 51. Bb7 Ke5 52. a5 Ng8 53. Ba6 Ne7 54. Bc4 Nc6 55. a6 Nd4+ 56. Ke3 Nc2+ 57. Kd3 Nb4+ 58. Ke3 Nc2+ 1/2-1/2

[Event "Trondheim Pokal TSF"]
[Site "Trondheim"]
[Date "2020.10.05"]
[Round "2"]
[White "Andersen, Edvard"]
[Black "Langmyhr, Tore"]
[Result "0-1"]
[WhiteElo "1527"]
[BlackElo "1927"]
[PlyCount "106"]
[EventDate "2020.09.07"]
[EventType "swiss"]
[EventRounds "9"]
[EventCountry "NOR"]
[SourceTitle "EXT 2024"]
[Source "ChessBase"]
[SourceDate "2023.10.10"]
[SourceVersion "1"]
[SourceVersionDate "2023.10.10"]
[SourceQuality "1"]

1. e4 c6 2. Nc3 d5 3. Nf3 Bg4 4. h3 Bxf3 5. Qxf3 e6 6. d3 Nf6 7. Bg5 Be7 8. exd5 cxd5 9. d4 Nc6 10. Bb5 0-0 11. Bxc6 bxc6 12. 0-0 Qb6 13. Qe3 Qxb2 14. Rfc1 Qb7 15. Na4 Qd7 16. Nc5 Bxc5 17. Bxf6 Be7 18. Be5 f6 19. Bg3 Bd6 20. Rab1 Rab8 21. f4 Rfe8 22. Re1 Rxb1 23. Rxb1 Qc7 24. Re1 c5 25. Kh2 cxd4 26. Qxd4 Re7 27. Qd3 g6 28. Rf1 Kg7 29. h4 h5 30. Qd2 Qc4 31. Ra1 Rc7 32. Qe3 Re7 33. c3 Bc5 34. Qd2 Bd6 35. Re1 a5 36. Kh1 a4 37. Kh2 Kf7 38. Kh1 a3 39. Kh2 Rb7 40. f5 Bxg3+ 41. Kxg3 Qg4+ 42. Kh2 gxf5 43. Qh6 Qg6 44. Qe3 Rb2 45. Re2 Rxe2 46. Qxe2 Qg4 47. Qf2 Kg6 48. g3 Qc4 49. Kh3 Qxc3 50. Qe2 f4 51. Kh2 Qxg3+ 52. Kh1 Qxh4+ 53. Kg1 Qg4+ 0-1

[Event "Trondheim CC-ch Master"]
[Site "Trondheim"]
[Date "2020.02.10"]
[Round "4"]
[White "Gamback, Bjorn"]
[Black "Langmyhr, Tore"]
[Result "1-0"]
[WhiteElo "2122"]
[BlackElo "1912"]
[PlyCount "57"]
[EventDate "2020.01.20"]
[EventType "tourn"]
[EventRounds "9"]
[EventCountry "NOR"]
[SourceTitle "EXT 2024"]
[Source "ChessBase"]
[SourceDate "2023.10.10"]
[SourceVersion "1"]
[SourceVersionDate "2023.10.10"]
[SourceQuality "1"]

1. c4 c5 2. Nf3 Nc6 3. b3 Nf6 4. Bb2 d6 5. e3 e6 6. Be2 Be7 7. 0-0 0-0 8. d3 Bd7 9. Nbd2 a6 10. a3 Ne8 11. Qc2 Rc8 12. Rac1 Bf6 13. d4 cxd4 14. exd4 g6 15. Qb1 Bg7 16. Rfd1 Ne7 17. Nf1 h6 18. Ne3 Rc7 19. d5 exd5 20. Bxg7 Nxg7 21. Nxd5 Nxd5 22. Rxd5 Bc6 23. Rd2 Nf5 24. Qb2 Rd7 25. b4 Re8 26. Kf1 Rxe2 27. Rxe2 Bxf3 28. gxf3 Qh4 29. Re8+ 1-0

[Event "Trondheim Brokstads Memorial"]
[Site "Trondheim"]
[Date "2019.11.24"]
[Round "6"]
[White "Hagesaether, Nina"]
[Black "Langmyhr, Tore"]
[Result "0-1"]
[WhiteElo "2032"]
[BlackElo "1896"]
[PlyCount "54"]
[EventDate "2019.11.22"]
[EventType "swiss"]
[EventRounds "7"]
[EventCountry "NOR"]
[SourceTitle "EXT 2021"]
[Source "ChessBase"]
[SourceDate "2020.10.23"]
[SourceVersion "1"]
[SourceVersionDate "2020.10.23"]
[SourceQuality "1"]

1. e4 c6 2. d4 d5 3. exd5 cxd5 4. Bd3 Nc6 5. c3 Qc7 6. Ne2 Bg4 7. f3 Bd7 8. Qc2 Nf6 9. Bf4 e5 10. dxe5 Nxe5 11. Bxe5 Qxe5 12. Nd2 Bd6 13. 0-0-0 0-0 14. g4 Rac8 15. Nd4 g6 16. h4 Rfe8 17. h5 Bf8 18. hxg6 fxg6 19. g5 Nh5 20. Bxg6 hxg6 21. Qxg6+ Bg7 22. Rxh5 Qxd4 23. Rdh1 Kf8 24. R5h4 Qe5 25. f4 Bf5 26. fxe5 Bxg6 27. Rf1+ Kg8 0-1

[Event "Hell op"]
[Site "Hell"]
[Date "2019.08.09"]
[Round "8"]
[White "Langmyhr, Tore"]
[Black "Oye Stromberg, Alexander"]
[Result "1/2-1/2"]
[WhiteElo "1934"]
[BlackElo "1939"]
[PlyCount "64"]
[EventDate "2019.08.03"]
[EventType "swiss"]
[EventRounds "10"]
[EventCountry "NOR"]
[SourceTitle "CBM 191 Extra"]
[Source "ChessBase"]
[SourceDate "2019.09.30"]
[SourceVersion "1"]
[SourceVersionDate "2019.09.30"]
[SourceQuality "1"]

1. c4 Nf6 2. Nc3 g6 3. e4 d6 4. g3 Bg7 5. Bg2 0-0 6. Nge2 e5 7. 0-0 Nbd7 8. d3 c6 9. h3 a6 10. a4 a5 11. Be3 d5 12. cxd5 cxd5 13. exd5 Nb6 14. Qb3 Ra6 15. Rac1 Na8 16. Nb5 Re8 17. Kh2 Bd7 18. Nbc3 h5 19. Ne4 Bf5 20. Nc5 Rb6 21. Qc4 Bf8 22. Nb3 Ra6 23. Nc5 Rb6 24. Ne4 Ra6 25. Nxf6+ Qxf6 26. Qb3 h4 27. Be4 Bxe4 28. dxe4 Qf3 29. g4 Rf6 30. g5 Rf4 31. Qd1 Qxe4 32. Bxf4 Qxf4+ 1/2-1/2

[Event "Hell op"]
[Site "Hell"]
[Date "2019.08.06"]
[Round "5"]
[White "Langmyhr, Tore"]
[Black "Kashwan, Hassan"]
[Result "0-1"]
[WhiteElo "1934"]
[BlackElo "1880"]
[PlyCount "58"]
[EventDate "2019.08.03"]
[EventType "swiss"]
[EventRounds "10"]
[EventCountry "NOR"]
[SourceTitle "CBM 191 Extra"]
[Source "ChessBase"]
[SourceDate "2019.09.30"]
[SourceVersion "1"]
[SourceVersionDate "2019.09.30"]
[SourceQuality "1"]

1. c4 c5 2. Nc3 Nc6 3. g3 g6 4. Bg2 Bg7 5. Nf3 Nf6 6. d4 cxd4 7. Nxd4 0-0 8. 0-0 Qb6 9. Nc2 d6 10. Rb1 Bf5 11. Be3 Qa5 12. Bd2 Qc5 13. e4 Bg4 14. Qe1 Ne5 15. Be3 Qxc4 16. f3 Be6 17. Nd4 Nd3 18. Qd2 Nxe4 19. Nxe4 Bxd4 20. Bxd4 Qxd4+ 21. Nf2 Bc4 22. Rfd1 Qxf2+ 23. Qxf2 Nxf2 24. Kxf2 Bxa2 25. Ra1 Bb3 26. Rd3 Bc4 27. Re3 e6 28. Rea3 a6 29. f4 d5 0-1

[Event "Oslo Sveins op 9th"]
[Site "Oslo"]
[Date "2016.06.24"]
[Round "3"]
[White "Oygard, Torbjorn"]
[Black "Langmyhr, Tore"]
[Result "0-1"]
[WhiteElo "1551"]
[BlackElo "1955"]
[PlyCount "60"]
[EventDate "2016.06.24"]
[EventType "swiss"]
[EventRounds "9"]
[EventCountry "NOR"]
[SourceTitle "CBM 173 Extra"]
[Source "ChessBase"]
[SourceDate "2016.08.29"]
[SourceVersion "1"]
[SourceVersionDate "2016.08.29"]
[SourceQuality "1"]

1. d4 f5 2. g3 Nf6 3. Bg2 c6 4. Nf3 e6 5. c4 d5 6. 0-0 Bd6 7. b3 Qe7 8. Bb2 0-0 9. Nbd2 b6 10. cxd5 exd5 11. Ne5 Bb7 12. Ndf3 Ne4 13. Rc1 c5 14. dxc5 bxc5 15. Nd3 Nd7 16. Nd2 Rae8 17. Rc2 Ndf6 18. f3 Nxd2 19. Qxd2 d4 20. Ba3 Nd5 21. Rxc5 Ne3 22. Re1 Qd8 23. Ra5 Rf7 24. Bxd6 Qxd6 25. Rc5 Rfe7 26. b4 h6 27. a4 g5 28. b5 g4 29. Kf2 Nxg2 30. Qa2+ Kg7 0-1

[Event "Oslo Sveins op 9th"]
[Site "Oslo"]
[Date "2016.06.24"]
[Round "5"]
[White "Tryggestad, Andreas Garberg"]
[Black "Langmyhr, Tore"]
[Result "1-0"]
[WhiteElo "2104"]
[BlackElo "1955"]
[PlyCount "103"]
[EventDate "2016.06.24"]
[EventType "swiss"]
[EventRounds "9"]
[EventCountry "NOR"]
[SourceTitle "CBM 173 Extra"]
[Source "ChessBase"]
[SourceDate "2016.08.29"]
[SourceVersion "1"]
[SourceVersionDate "2016.08.29"]
[SourceQuality "1"]

1. e4 c6 2. Nc3 d5 3. Nf3 d4 4. Ne2 c5 5. c3 Nc6 6. cxd4 cxd4 7. Qa4 Bd7 8. Nexd4 Qb6 9. Bb5 Nf6 10. Nxc6 bxc6 11. Be2 c5 12. Qc2 Bc6 13. d3 e6 14. 0-0 Be7 15. Be3 0-0 16. Rac1 Nd7 17. d4 Qb7 18. dxc5 Rfc8 19. Qc3 Bxe4 20. b4 a5 21. a3 axb4 22. axb4 Ra4 23. Bd2 Bf6 24. Qb3 Qa8 25. Qe3 Ra3 26. Qf4 Nf8 27. Qg3 Ng6 28. Be3 Rb3 29. b5 Qa3 30. c6 Qb2 31. Bc4 Rxb5 32. Bxb5 Qxb5 33. c7 h5 34. Rfd1 h4 35. Qd6 Kh7 36. Rc5 Qb7 37. Nd2 Bd5 38. Rb1 Qa8 39. Qb6 Ne7 40. Nc4 Bxc4 41. Rxc4 h3 42. Qb7 Qa2 43. Qe4+ g6 44. Rbc1 Nf5 45. Qg4 hxg2 46. Bg5 Be5 47. Qxg2 f6 48. Bf4 Bxf4 49. Rxf4 g5 50. Rfc4 Nh4 51. Qe4+ Kg7 52. Qxe6 1-0

[Event "NOR-ch Class1"]
[Site "Oslo"]
[Date "2015.07.09"]
[Round "7"]
[White "Pettersen, Joar Gullestad"]
[Black "Langmyhr, Tore"]
[Result "1-0"]
[WhiteElo "1934"]
[BlackElo "1874"]
[PlyCount "29"]
[EventDate "2015.07.04"]
[EventType "swiss"]
[EventRounds "9"]
[EventCountry "NOR"]
[SourceTitle "EXT 2017"]
[Source "ChessBase"]
[SourceDate "2016.10.25"]
[SourceVersion "1"]
[SourceVersionDate "2016.10.25"]
[SourceQuality "1"]

1. e4 d5 2. exd5 Nf6 3. Nf3 Nxd5 4. d4 Bg4 5. h3 Bh5 6. c4 Nb6 7. c5 Bxf3 8. Qxf3 Nd5 9. Qb3 Nc6 10. Qxb7 Ndb4 11. Bb5 Kd7 12. d5 Rb8 13. Bxc6+ Nxc6 14. Qxc6+ Kc8 15. 0-0 1-0

[Event "Oslo Sveins op 7th"]
[Site "Oslo"]
[Date "2014.06.20"]
[Round "6"]
[White "Sundsbo, Sigve"]
[Black "Langmyhr, Tore"]
[Result "1-0"]
[WhiteElo "1666"]
[BlackElo "1937"]
[PlyCount "51"]
[EventDate "2014.06.20"]
[EventType "swiss"]
[EventRounds "9"]
[EventCountry "NOR"]
[SourceTitle "EXT 2015"]
[Source "ChessBase"]
[SourceDate "2014.11.20"]
[SourceVersion "1"]
[SourceVersionDate "2014.11.20"]
[SourceQuality "1"]

1. e4 d5 2. exd5 Nf6 3. d4 Nxd5 4. c4 Nb6 5. Nf3 Bg4 6. c5 N6d7 7. Be2 Nc6 8. d5 Bxf3 9. Bxf3 Nce5 10. Bf4 Nxf3+ 11. Qxf3 Nxc5 12. 0-0 g6 13. Qc3 f6 14. Qxc5 e5 15. Qb5+ Kf7 16. Be3 g5 17. Qxb7 Bd6 18. Rc1 Rb8 19. Qc6 Rxb2 20. Bc5 Rb6 21. Bxb6 axb6 22. Nc3 f5 23. Nb5 Qf6 24. Nxd6+ cxd6 25. Qd7+ Kg6 26. Qe6 1-0

[Event "Oslo op"]
[Site "Oslo"]
[Date "2014.04.06"]
[Round "5"]
[White "Langmyhr, Tore"]
[Black "Haug, Johannes"]
[Result "0-1"]
[WhiteElo "1904"]
[BlackElo "2002"]
[PlyCount "64"]
[EventDate "2014.04.04"]
[EventType "swiss"]
[EventRounds "5"]
[EventCountry "NOR"]
[SourceTitle "EXT 2016"]
[Source "ChessBase"]
[SourceDate "2015.10.08"]
[SourceVersion "1"]
[SourceVersionDate "2015.10.08"]
[SourceQuality "1"]

1. c4 Nf6 2. Nc3 d5 3. cxd5 Nxd5 4. g3 g6 5. Bg2 Nxc3 6. bxc3 Bg7 7. d4 0-0 8. Nf3 c5 9. 0-0 Nc6 10. Be3 Be6 11. Qd2 Qa5 12. Bh6 Rfd8 13. Bxg7 Kxg7 14. Qb2 Bd5 15. e3 f6 16. Rfe1 b5 17. e4 Bc4 18. d5 Nb8 19. Nd2 Nd7 20. Nxc4 bxc4 21. f4 Rab8 22. Qc2 Nb6 23. Rad1 Na4 24. e5 f5 25. Rb1 Rxb1 26. Rxb1 Nxc3 27. Rc1 Nxd5 28. Qxc4 Ne3 29. Qe6 Kf8 30. Bf1 Qd2 31. Rb1 Ng4 32. Bg2 Qd4+ 0-1

[Event "Oslo Sveins op 6th"]
[Site "Oslo"]
[Date "2013.06.21"]
[Round "1"]
[White "Notkevich, Benjamin Arvola"]
[Black "Langmyhr, Tore"]
[Result "1-0"]
[WhiteElo "2358"]
[BlackElo "1930"]
[PlyCount "49"]
[EventDate "2013.06.21"]
[EventType "swiss"]
[EventRounds "9"]
[EventCountry "NOR"]
[SourceTitle "CBM 155 Extra"]
[Source "ChessBase"]
[SourceDate "2013.08.26"]
[SourceVersion "1"]
[SourceVersionDate "2013.08.26"]
[SourceQuality "1"]

1. e4 d5 2. exd5 Nf6 3. Nf3 Nxd5 4. Bc4 Bg4 5. 0-0 e6 6. c3 Be7 7. Qa4+ Qd7 8. Bb5 c6 9. Qxg4 cxb5 10. Qxg7 Bf6 11. Qh6 Nc6 12. a4 Nce7 13. d4 Nf5 14. Qh3 bxa4 15. Nbd2 Nf4 16. Qg4 Ne2+ 17. Kh1 h5 18. Qe4 Nxc1 19. Rfxc1 Rc8 20. Ne5 Bxe5 21. Qxe5 Rh6 22. Ne4 Ke7 23. Re1 b5 24. Nc5 Qd5 25. Qxd5 1-0

[Event "Oslo Sveins op 5th"]
[Site "Oslo"]
[Date "2012.06.22"]
[Round "8"]
[White "Langmyhr, Tore"]
[Black "Roholdt, Njaal"]
[Result "1-0"]
[WhiteElo "1905"]
[BlackElo "1756"]
[PlyCount "75"]
[EventDate "2012.06.22"]
[EventType "swiss"]
[EventRounds "9"]
[EventCountry "NOR"]
[SourceTitle "CBM 149 Extra"]
[Source "ChessBase"]
[SourceDate "2012.08.24"]
[SourceVersion "1"]
[SourceVersionDate "2012.08.24"]
[SourceQuality "1"]

1. c4 c5 2. Nf3 Nf6 3. Nc3 g6 4. e4 Nc6 5. d4 cxd4 6. Nxd4 Nxd4 7. Qxd4 Bg7 8. Be3 0-0 9. Qd2 Qc7 10. Be2 b6 11. Rc1 Bb7 12. f3 Nh5 13. 0-0 Rac8 14. Nd5 Qd8 15. Bg5 Bxd5 16. cxd5 Rxc1 17. Rxc1 d6 18. Rc6 Qd7 19. b4 Qb7 20. Qc1 Bd4+ 21. Be3 Be5 22. f4 Bf6 23. g4 Kh8 24. gxh5 gxh5 25. Kh1 Qd7 26. Qf1 e6 27. Qh3 h4 28. b5 Qe7 29. dxe6 fxe6 30. e5 dxe5 31. Qxe6 Qb4 32. Qc4 Qe1+ 33. Bg1 Rg8 34. Bf1 Be7 35. Qe2 Qb4 36. Qxe5+ Rg7 37. Rc8+ Bf8 38. Bd4 1-0

[Event "Oslo Sveins op 5th"]
[Site "Oslo"]
[Date "2012.06.22"]
[Round "2"]
[White "Langmyhr, Tore"]
[Black "Satre, Mathias"]
[Result "1-0"]
[WhiteElo "1905"]
[BlackElo "1695"]
[PlyCount "93"]
[EventDate "2012.06.22"]
[EventType "swiss"]
[EventRounds "9"]
[EventCountry "NOR"]
[SourceTitle "CBM 149 Extra"]
[Source "ChessBase"]
[SourceDate "2012.08.24"]
[SourceVersion "1"]
[SourceVersionDate "2012.08.24"]
[SourceQuality "1"]

1. c4 d6 2. Nc3 g6 3. d4 Bg7 4. e4 Nf6 5. Be2 0-0 6. f4 c5 7. d5 e6 8. Nf3 exd5 9. cxd5 a6 10. a4 Re8 11. e5 dxe5 12. fxe5 Ng4 13. e6 fxe6 14. d6 Qb6 15. Ng5 Nf6 16. 0-0 Rd8 17. Nce4 Nxe4 18. Nxe4 Bd7 19. Bc4 Nc6 20. Bg5 Rf8 21. Nf6+ Bxf6 22. Bxf6 Nd4 23. Be7 Rxf1+ 24. Qxf1 Nf5 25. Qe2 Nd4 26. Qf2 Nf5 27. Rf1 Nxd6 28. Qf6 Nf5 29. Rxf5 gxf5 30. h4 Re8 31. h5 Rxe7 32. Qxe7 Qxb2 33. Qd8+ Kg7 34. Qxd7+ Kf8 35. Qd6+ Ke8 36. Qxe6+ Kd8 37. Qg8+ Kd7 38. Qxh7+ Kd8 39. Qg8+ Kc7 40. Qg3+ Kd7 41. Qd3+ Kc7 42. Qe3 Qa1+ 43. Kh2 Qxa4 44. Qxc5+ Kd7 45. Qxf5+ Kc7 46. Qf4+ Kd7 47. Be6+ 1-0

[Event "Copenhagen Bronshoj op"]
[Site "Copenhagen"]
[Date "2012.02.13"]
[Round "7"]
[White "Christiansen, Johan Sebastian"]
[Black "Langmyhr, Tore"]
[Result "1/2-1/2"]
[WhiteElo "1967"]
[BlackElo "1923"]
[PlyCount "25"]
[EventDate "2012.02.10"]
[EventType "swiss"]
[EventRounds "7"]
[EventCountry "DEN"]
[SourceTitle "EXT 2015"]
[Source "ChessBase"]
[SourceDate "2014.11.20"]
[SourceVersion "1"]
[SourceVersionDate "2014.11.20"]
[SourceQuality "1"]

1. c4 e5 2. Nc3 f5 3. g3 Nf6 4. Bg2 c6 5. d3 Be7 6. Nf3 d6 7. 0-0 0-0 8. a3 Kh8 9. b4 Qe8 10. b5 Nbd7 11. bxc6 bxc6 12. Ng5 Nc5 13. f4 1/2-1/2

[Event "Copenhagen Bronshoj op"]
[Site "Copenhagen"]
[Date "2012.02.12"]
[Round "5"]
[White "Langmyhr, Tore"]
[Black "Andersen, Soren Mikkel"]
[Result "0-1"]
[WhiteElo "1923"]
[BlackElo "2064"]
[PlyCount "84"]
[EventDate "2012.02.10"]
[EventType "swiss"]
[EventRounds "7"]
[EventCountry "DEN"]
[SourceTitle "EXT 2015"]
[Source "ChessBase"]
[SourceDate "2014.11.20"]
[SourceVersion "1"]
[SourceVersionDate "2014.11.20"]
[SourceQuality "1"]

1. c4 c6 2. e4 d5 3. exd5 cxd5 4. d4 Nf6 5. Nc3 Nc6 6. Bg5 e6 7. Nf3 Be7 8. c5 Ne4 9. Bxe7 Qxe7 10. Bb5 0-0 11. Bxc6 Nxc3 12. bxc3 bxc6 13. 0-0 Qc7 14. Qa4 f6 15. Rfe1 Rb8 16. Rab1 Bd7 17. Qc2 Rxb1 18. Rxb1 e5 19. h3 e4 20. Nh2 f5 21. Qb2 Bc8 22. Qd2 h6 23. f4 Ba6 24. Nf1 Rb8 25. Rb4 Bxf1 26. Kxf1 a5 27. Rxb8+ Qxb8 28. Kf2 Qb5 29. g4 fxg4 30. hxg4 a4 31. a3 Qb3 32. Qc1 Qa2+ 33. Kg1 Qe2 34. g5 Qg4+ 35. Kf1 Qf3+ 36. Kg1 Qg3+ 37. Kh1 Qh3+ 38. Kg1 Qg3+ 39. Kh1 hxg5 40. fxg5 e3 41. Qd1 Qh4+ 42. Kg2 Qf2+ 0-1

[Event "Copenhagen Bronshoj op"]
[Site "Copenhagen"]
[Date "2012.02.11"]
[Round "3"]
[White "Langmyhr, Tore"]
[Black "Tandrup, Michael"]
[Result "0-1"]
[WhiteElo "1923"]
[BlackElo "1969"]
[PlyCount "70"]
[EventDate "2012.02.10"]
[EventType "swiss"]
[EventRounds "7"]
[EventCountry "DEN"]
[SourceTitle "EXT 2015"]
[Source "ChessBase"]
[SourceDate "2014.11.20"]
[SourceVersion "1"]
[SourceVersionDate "2014.11.20"]
[SourceQuality "1"]

1. e4 e5 2. Nf3 Nc6 3. Nc3 Nf6 4. Bb5 Bb4 5. 0-0 0-0 6. d3 d6 7. h3 h6 8. a3 Ba5 9. b4 Bb6 10. Ne2 Ne7 11. c3 Ng6 12. Ba4 Be6 13. Bc2 a5 14. Bd2 c6 15. c4 Qd7 16. Kh2 Nh5 17. Nfg1 axb4 18. axb4 d5 19. c5 Bc7 20. Rxa8 Rxa8 21. Nc3 Ngf4 22. Bxf4 Nxf4 23. f3 Rd8 24. Qc1 dxe4 25. fxe4 Nxd3 26. Bxd3 Qxd3 27. Rd1 Qc4 28. Rxd8+ Bxd8 29. Qb2 f5 30. Nge2 Bg5 31. Qa3 Qa6 32. Qb2 Qd3 33. Na4 Bc4 34. Qxe5 Qxe2 35. Qxf5 Qf1 0-1